000
00216 a2200097 4500
001
4955
100
_a
Chapman
245
_a
Mathematical theory of non-uniform gases
260
_a
_b
Cambridge
_c
090
_c
4134
_d
4134
942
_a
NUST-CAE
_c
M
_c
30417
999
_c
240028
_d
240028